000 00823nam a2200241 i 4500
001 89928
003 ES-MaACL
005 20230906180314.0
007 t|
008 050117s1983 sp ||||1| spa d
020 _a84-7392-902-3
100 1 _aLea, Henry Charles.
_970943
245 1 0 _aHistoria de la Inquisición española /
_cHenry Charles Lea ; traducción, Angel Alcalá y Jesús Tobío ; edición y prólogos Angel Alcalá.
260 _aMadrid :
_bFundación Universitaria Española,
_c1983.
300 _a3 v. ;
_c23 cm.
490 1 _aBiblioteca de hispanismo ;
_v7
500 _aIndice.
700 1 _aAlcalá Galve, Ángel.
_919463
700 1 _aTobio Fernández, Jesús.
_9211385
830 0 _aBiblioteca de hispanismo ;
_v7
_9231919
852 _aES-MaACL
_jL-8946-8
_bR.110706
999 _c89928
_d89928